Η σκιά του ανέμου / (Record no. 10081)
[ view plain ]
| 000 -LEADER | |
|---|---|
| fixed length control field | 02472nam a22002537a 4500 |
| 003 - ΤΑΥΤΟΤΗΤΑ ΤΟΥ ΑΡΙΘΜΟΥ ΕΛΕΓΧΟΥ | |
| Πεδίο ελέγχου | GR-AtMCL |
| 005 - ΗΜΕΡΟΜΗΝΙΑ ΚΑΙ ΩΡΑ ΤΕΛΕΥΤΑΙΑΣ ΕΝΗΜΕΡΩΣΗΣ | |
| Πεδίο ελέγχου | 20260127111204.0 |
| 006 - FIXED-LENGTH DATA ELEMENTS--ADDITIONAL MATERIAL CHARACTERISTICS | |
| Πεδίο ελέγχου σταθερού μήκους | a|||||r||||||||||| |
| 008 - FIXED-LENGTH DATA ELEMENTS--GENERAL INFORMATION | |
| Πεδίο ελέγχου σταθερού μήκους | s2012||||gr |||g ||| 000 1 gre d |
| 020 ## - ISBN | |
| ISBN | 9789604967810 |
| 040 ## - ΠΗΓΗ ΚΑΤΑΛΟΓΟΓΡΑΦΗΣΗΣ | |
| Φορέας πρωτότυπης καταλογογράφησης | MC Athens Campus Library |
| Γλώσσα καταλογογράφησης | Ελληνικά, Μοντέρνα (1453-) |
| Modifying agency | MC Athens Campus Library |
| Κανόνες περιγραφικής καταλογογράφησης | AACR2 |
| 041 1# - ΓΛΩΣΣΑ | |
| Κωδικός γλώσσας πρωτότυπου | Ισπανικά; Καστιλιάνικα |
| 100 ## - MAIN ENTRY--PERSONAL NAME | |
| Personal name | Ruiz Zafón, Carlos |
| 9 (RLIN) | 10293 |
| 245 12 - ΤΙΤΛΟΣ ΚΑΙ ΔΗΛΩΣΗ ΥΠΕΥΘΥΝΟΤΗΤΑΣ | |
| Τίτλος | Η σκιά του ανέμου / |
| Statement of responsibility, etc. | Κάρλος Ρούιθ Θαφόν ; μετάφραση από τα ισπανικα Βασιλική Κνήτου |
| 260 ## - PUBLICATION, DISTRIBUTION, ETC. | |
| Place of publication, distribution, etc. | Αθήνα : |
| Name of publisher, distributor, etc. | Ψυχογιός, |
| Date of publication, distribution, etc. | 2012 |
| 300 ## - PHYSICAL DESCRIPTION | |
| Extent | 615 σ. ; |
| Διαστάσεις | 21 εκ. |
| 500 ## - GENERAL NOTE | |
| Γενική σημείωση | Τίτλος πρωτοτύπου: La sombra del viento |
| 520 ## - SUMMARY, ETC. | |
| Summary, etc. | Κρυμμένο στην καρδιά της παλιάς πόλης της Βαρκελώνης βρίσκεται το Κοιμητήριο των Λησμονημένων Βιβλίων, μια λαβυρινθώδη βιβλιοθήκη με ξεχασμένους τίτλους που δεν εκδίδονται πια. Σ' αυτή τη βιβλιοθήκη οδηγείται από τον πατέρα του ο δεκάχρονος Ντανιέλ για να επιλέξει ένα βιβλίο από τα ράφια. Διαλέγει τη "Σκιά του ανέμου" του Χουλιάν Καράξ.Καθώς ο Ντανιέλ μεγαλώνει, διάφοροι άνθρωποι φαίνεται να ενδιαφέρονται για το εύρημά του. Μια νύχτα, ενώ περιπλανιέται στους δρόμους, τον πλησιάζει μια φιγούρα που του θυμίζει έναν ήρωα από τη "Σκιά του ανέμου" . Ο άντρας αυτός προσπαθεί να εντοπίσει όλα τα έργα του Καράξ για να κάψει. Αυτό που αρχίζει ως μια υπόθεση λογοτεχνικής περιέργειας εξελίσσεται σε έναν αγώνα για την ανακάλυψη της αλήθειας πίσω από τη ζωή και το θάνατο του Χουλιάν Καράξ.Ένα βιβλίο-σταθμός, μια γοητευτική εξερεύνηση της εμμονής στη λογοτεχνία και στον έρωτα. |
| 650 #0 - SUBJECT ADDED ENTRY--TOPICAL TERM | |
| Topical term or geographic name entry element | Ισπανική λογοτεχνία |
| 9 (RLIN) | 10288 |
| 653 ## - INDEX TERM--UNCONTROLLED | |
| Μη ελεγχόμενοι όροι | Λογοτεχνία |
| 700 ## - ΠΡΟΣΘΕΤΗ ΑΝΑΓΡΑΦΗ--ΦΥΣΙΚΟ ΠΡΟΣΩΠΟ | |
| Personal name | Κνήτου, Βασιλική |
| 9 (RLIN) | 10294 |
| 942 ## - ADDED ENTRY ELEMENTS (KOHA) | |
| Koha item type | Books |
| Τύπος τεκμηρίου | Βιβλιοθήκη | Τρέχουσα τοποθεσία | Barcode | Αριθμός εισαγωγής | Ημερομηνία απόκτησης | Ταξιθετικό σύμβολο | Αριθμός αντιτύπου | Κατάσταση απόσυρσης | Κατάσταση χαμένου | Κατάσταση κατεστραμμένου | Μη δανεισμός | Σύνολο δανεισμών | Ημερομηνία τελευταίας εμφάνισης | Η τιμή ισχύει από |
|---|---|---|---|---|---|---|---|---|---|---|---|---|---|---|
| Books | MC Athens Campus Library | MC Athens Campus Library | 9780000100887 | 8244 | 10/12/2025 | 863.64 RUI | 1 | 27/01/2026 | 27/01/2026 |